000 01248nam a22002657a 4500
005 20090724135734.0
008 090608t xxu||||| |||| 00| j hin d
010 _aHIN-93348
020 _a8190246348
_c300.00
035 _aHN-65694
037 _bDBAD / PUB
040 _aDPL
_bHN
082 _a
100 _91372
_aशर्मा, ललित कुमार 'ललित'
245 _aमेरी प्रिय कहानियाँ:
_cललित कुमार शर्मा 'ललित'
_bदाम्पत्य एवं प्रेम-संदर्भों की बारह कहानियाँ /
260 _aइलाहाबाद
_bसीमा प्रकाशन
_c2011
270 _a542, खलासी लइन, कीडगंज
_bइलाहाबाद
300 _a136पृ.
_c22सेमी (सजिल्द)
650 _91169
_aलघु कथाएँ, हिन्दी
650 _929837
_aShort Stories, Hindi
700 _929841
700 _929845
942 _2ddc
_cHN
_mशर्माल
_h
999 _c54186
_d54186